000 00671nam a2200229 i 4500
001 C2-0028024
003 PPAK
005 20190630222011.0
008 970204s1992 io a|||| ||||| | may d
040 _aPPAK
_beng
_cPPAK
_erda
082 0 4 _a959.8
_223
090 0 0 _a959.8
_bJAK
_dKIH
100 1 _aJakobi, A. K. Teungku.,
_eauthor
245 1 0 _aAceh daerah modal :
_blong march ke Medan area
264 1 _aJakarta, Indonesia :
_bYayasan Seulawah ,
_c1992
300 _axxvii, 380 pages :
_billustrations ;
_c23 cm
336 _2rdacontent
_atext
337 _2rdamedia
_aunmediated
338 _2rdacarrier
_avolume
650 1 0 _aIndonesia - History
942 _ddc
_cB
999 _c5072
_d5072